Historia de la filosofía y pedagogía / (Record no. 21062)

MARC details
000 -LEADER
campo de control de longitud fija 00698nam a2200193 i 4500
001 - NÚMERO DE CONTROL
campo de control 21062
003 - IDENTIFICADOR DE NÚMERO DE CONTROL
campo de control ES-MaACL
005 - FECHA Y HORA DE LA ÚLTIMA TRANSACCIÓN
campo de control 20230906152418.0
007 - CAMPO FIJO DE DESCRIPCIÓN FÍSICA--INFORMACIÓN GENERAL
campo de control de longitud fija t|
008 - DATOS DE LONGITUD FIJA--INFORMACIÓN GENERAL
campo de control de longitud fija 021121s1966 sp ||||1| spa d
100 1# - ENTRADA PRINCIPAL--NOMBRE DE PERSONA
Nombre de persona Agazzi, Aldo.
9 (RLIN) 18537
245 10 - MENCIÓN DEL TÍTULO
Título Historia de la filosofía y pedagogía /
Mención de responsabilidad, etc. Aldo Agazzi ; versión Gonzalo Gironés.
260 ## - PUBLICACIÓN, DISTRIBUCIÓN, ETC.
Lugar de publicación, distribución, etc. Alcoy :
Nombre del editor, distribuidor, etc. Marfil,
Fecha de publicación, distribución, etc. 1966.
300 ## - DESCRIPCIÓN FÍSICA
Extensión 1 v. ;
Dimensiones 21 cm.
505 8# - NOTA DE CONTENIDO CON FORMATO
Nota de contenido con formato Contiene: V. 3: Del idealismo post- Rantiano a la filosofía y los métodos educativos modernos.
700 1# - ENTRADA AGREGADA--NOMBRE PERSONAL
Nombre de persona Gironés, Gonzalo.
9 (RLIN) 57302
740 0# - ENTRADA AGREGADA--TÍTULO RELACIONADO/ANALÍTICO NO CONTROLADO
Título relacionado o analítico no controlado Del idealismo post- Rantiano a la filosofía y los métodos educativos modernos.
852 ## - LOCALIZACIÓN
Ubicación ES-MaACL
Número de control de estantería C-31616
Sublocalización o colección R.61619
Holdings
Estatus retirado Estado de pérdida Estado de daño No para préstamo Biblioteca de origen Biblioteca actual Ubicación en estantería Fecha de adquisición Fuente de adquisición Total de préstamos Signatura topográfica completa Código de barras Visto por última vez Precio de reemplazo Tipo de ítem Koha
        Biblioteca del Ateneo de Madrid Biblioteca del Ateneo de Madrid Depósito 2 17/01/2008     C-31616 1021635 23/02/2023 23/02/2023 Libro impreso